Participation Vs. Representation? The experience of the neighborhood assemblies of Buenos Aires, 2001-2003 /
Na minha lista:
| Autor principal: | |
|---|---|
| Outros Autores: | |
| Formato: | Texto |
| Idioma: | Spanish |
| Publicado em: |
Buenos Aires:
CLACSO
|
| Assuntos: | |
| Tags: |
Adicionar Tag
Sem tags, seja o primeiro a adicionar uma tag!
|
MARC
| LEADER | 00000 a a2200000 04500 | ||
|---|---|---|---|
| 001 | 39322 | ||
| 003 | cru IIS | ||
| 005 | 20230629130446.0 | ||
| 008 | 230629b |||||||| |||| 00| 0 spa d | ||
| 020 | |a 978-987-1183-95-1 | ||
| 040 | |c CRAI/IIS | ||
| 090 | |a 0002 R254d | ||
| 100 | |a Pousadela, Inés |9 11471 | ||
| 245 | |a Participation Vs. Representation? |b The experience of the neighborhood assemblies of Buenos Aires, 2001-2003 / |c Inés Pousadela | ||
| 260 | |a Buenos Aires: |b CLACSO | ||
| 300 | |a 73-128 p. | ||
| 650 | |a CIUDADANIA | ||
| 650 | |a PARTICIPACION POLITICA | ||
| 650 | |a CUBA | ||
| 650 | |a CAMBIO SOCIAL | ||
| 700 | |a ed. | ||
| 773 | 0 | |0 1340 |9 9383 |a Raventós, Ciska |d Buenos Aires: CLACSO 2008 |o 06735 |t Democratic innovation in the south: participation and representation in Asia, Africa and Latin America / |w (cru CIDCACS/IIS)39320 |z 978-987-1183-95-1 | |
| 942 | |2 ddc |c LI | ||
| 999 | |c 12700 |d 12700 | ||



